Film di Christopher Nolan per immagini - Morte improvvisa - Statistics

Statistiche generali
  • Questo quiz è stato fatto 362 volte
  • Il punteggio medio è 6 su 8
Answers on the Grid
Answers color-coded by a green-red scale on the quiz's grid according to % correct below.
 
Statistiche sulle risposte
Risposta % Corretto
Oppenheimer
88%
Interstellar
88%
Batman Begins
81%
Inception
78%
Tenet
72%
Dunkirk
64%
Memento
58%
Insomnia
32%
Nessun quiz corrispondente trovato
Distribuzione punteggi
Percentuale di utenti per punteggio
Percentile per numero di risposta
I tuoi punteggi nel tempo
Non hai fatto questo quiz